Tự học AutoCAD toàn tập R.14; T2

Αποθηκεύτηκε σε:
Λεπτομέρειες βιβλιογραφικής εγγραφής
Μορφή: Βιβλίο
Γλώσσα:Undetermined
Έκδοση: Hà Nội Thống Kê 1998
Θέματα:
Ετικέτες: Προσθήκη ετικέτας
Δεν υπάρχουν, Καταχωρήστε ετικέτα πρώτοι!
Thư viện lưu trữ: Trung tâm Học liệu Trường Đại học Cần Thơ
LEADER 00441nam a2200145Ia 4500
001 CTU_27517
008 210402s9999 xx 000 0 und d
082 |a 620.00420285 
082 |b T550/T2 
245 0 |a Tự học AutoCAD toàn tập R.14; T2 
260 |a Hà Nội 
260 |b Thống Kê 
260 |c 1998 
650 |a cad ( computer system ),computer-aided design 
980 |a Trung tâm Học liệu Trường Đại học Cần Thơ